Follow That Line: Absolutely Fabulous Quiz Stats

 Plays Quiz not verified by Sporcle

Score 0/35 Timer 14:00
1 Play Today
% Correct
You, more relaxed? What is that,dead?
89%
The last mosquito that bit me had to check into the Betty Ford Clinic
88.8%
No, not since 1973
87.5%
Well, it wasn't so much chemical and not so much a peel, she set fire to your pigtails
87.5%
Yes, have your mouth sewn up
85.5%
Which makes you a very large vegetarian tart
85.2%
However, the day after...
84.9%
Morticians, how much do you think you'd get for a ready-embalmed carcass?
83.7%
Worst eight hours of my life
83.4%
Yes dear, sometimes you get into a porn loop and just can't get out
83.2%
Darling, don't worry, he was obviously very old and completely blind
83.2%
Syphilis
82.7%
Promote it
82.4%
Well, shopping mainly
82.4%
Forced? Even the cockroaches left that hole of their own accord
82.4%
Really? I thought it was talking to you
82.1%
Drug it and dump it in Hyde Park
82.1%
Darling, it's not a conviction -Just a firm belief
81.9%
% Correct
And then three times a week, someone sticks a hose up your bum and flushes it all out
81.6%
Just the one, dear?
81.1%
The tide went out
80.6%
That's because there's less of it
80.4%
It's a mixer, Patsy, we have it with whisky
79.8%
Yeah, sort of, I mean I woke up underneath him in a hotel bedroom once
78.1%
What was it like? A Bergman film without the jokes?
77.8%
No darling, she slept with the publisher
77%
Damn!
75.3%
I don't think that's a good idea, Mum, your mouth is working for the prosecution
73.7%
Oh this? Chanel No. 5
71.7%
Oh darling, she gets a 50% discount at Harvey Nichols
65.1%
More like the living dead
65.1%
Believe me, she's much happier unconscious
63.5%
Now we're all in shock
63%
It was the Grateful Dead, sweetie
62.2%
I thought that would appeal to you
57.7%

You're not logged in!

Compare scores with friends on all Sporcle quizzes.
OR
Log In

Sporcle TV

Today on Sporcle TV


Watch our educational content, quiz creation guides, and fun videos on Sporcle TV.

Show Comments

Extras

Top Quizzes Today


Score Distribution

Your Account Isn't Verified!

In order to create a playlist on Sporcle, you need to verify the email address you used during registration. Go to your Sporcle Settings to finish the process.

Report this User

Report this user for behavior that violates our Community Guidelines.

Details: